<?xml version="1.0" encoding="UTF-8"?>
<record
    xmlns:xsi="http://www.w3.org/2001/XMLSchema-instance"
    xsi:schemaLocation="http://www.loc.gov/MARC21/slim http://www.loc.gov/standards/marcxml/schema/MARC21slim.xsd"
    xmlns="http://www.loc.gov/MARC21/slim">

  <leader>04406cam#a2200505#a#4500</leader>
  <controlfield tag="003">PE-LiUPU</controlfield>
  <controlfield tag="005">20250731180159.0</controlfield>
  <controlfield tag="008">240918b        |||||||| |||| 00| 0 spa d</controlfield>
  <datafield tag="040" ind1=" " ind2=" ">
    <subfield code="a">BN</subfield>
    <subfield code="b">spa</subfield>
    <subfield code="c">PE-LiUPU</subfield>
    <subfield code="d">PE-LiUPU</subfield>
    <subfield code="e">rda</subfield>
  </datafield>
  <datafield tag="082" ind1=" " ind2=" ">
    <subfield code="2">23</subfield>
    <subfield code="a">597.09857</subfield>
    <subfield code="b">M938r</subfield>
  </datafield>
  <datafield tag="100" ind1=" " ind2=" ">
    <subfield code="a">Moya V&#xE1;squez, Luis,</subfield>
    <subfield code="d">1977-</subfield>
    <subfield code="e">autor.</subfield>
    <subfield code="9">4416</subfield>
  </datafield>
  <datafield tag="245" ind1="1" ind2="0">
    <subfield code="a">Recursos pesqueros de la Amazon&#xED;a :</subfield>
    <subfield code="b">gu&#xED;a sobre el valor nutricional de los peces comerciales de Loreto /</subfield>
    <subfield code="c">Luis Moya V&#xE1;squez, Sandra R&#xED;os Torres, Sebasti&#xE1;n A. Heilpern, Alfredo C&#xF3;ndor Castillo, Paola Naccarato.</subfield>
  </datafield>
  <datafield tag="250" ind1=" " ind2=" ">
    <subfield code="a">Primera edici&#xF3;n.</subfield>
  </datafield>
  <datafield tag="264" ind1=" " ind2=" ">
    <subfield code="a">Lima :</subfield>
    <subfield code="b">Wildlife Conservation Society,</subfield>
    <subfield code="c">2021.</subfield>
  </datafield>
  <datafield tag="300" ind1=" " ind2=" ">
    <subfield code="a">74 p&#xE1;ginas :</subfield>
    <subfield code="b">ilustraciones a color ;</subfield>
    <subfield code="c">21.5 cent&#xED;metros.</subfield>
  </datafield>
  <datafield tag="504" ind1=" " ind2=" ">
    <subfield code="a">Bibliograf&#xED;a: p&#xE1;ginas 71-73.</subfield>
  </datafield>
  <datafield tag="505" ind1=" " ind2=" ">
    <subfield code="a">Informaci&#xF3;n nutricional -- &#xBF;C&#xF3;mo se obtuvo la informaci&#xF3;n? -- &#xBF;C&#xF3;mo interpretar esta gu&#xED;a? -- Valores nutricionales de los peces amaz&#xF3;nicos comerciales -- Myliobatiformes -- Raya Ceja (Paratrygon aiereba) -- Osteoglossiformes -- Paiche (Arapaima gigas) -- Arahuana (Osteoglossum bicirrhosum) -- Clupeiformes -- Panshina, Pez Chino (Pellona flavipinnis) -- Characiformes -- Cachorro (Acestrorhynchus falcirostris) -- Lisa alianza (Leporinus fasciatus)  --Lisa cachete colorado (Megaleporinus trifasciatus) -- Lisa cuatro bandas (Schizodon fasciatus) -- S&#xE1;balo cola negra (Brycon melanopterus) -- Mojarra (Astyanax bimaculatus, Tetragonopterus argenteus) -- Llambina (Potamorhina altamazonica) -- Ractacara (Psectrogaster anazonica) -- Chio chio (Psectrogaster rutilondes) -- Chambira (Rhaphiodon vulpinus) -- Fasaco (Hoplias malabaricus) -- Shuyo (Hoplerythrinus unitaeniatus) -- Yulilla (Anodus elongatus, Hemiodus microlepis) -- Boquichico (Prochilodus nigricans) -- Yaraqu&#xED; (Semaprochilodus insignis) -- Gamitana (Colossoma macropomum) -- Palometa curuhuara (Myloplus rubripinnis) -- Palometa (Mylossoma albiscopum) -- Paco (Piaractus brachypomus) -- Pa&#xF1;a roja (Pygocentrus nattereri) -- Pa&#xF1;a blanca (Serrasalmus rhombeus) -- Sardina (Triportheus angulatus) -- Siluriformes -- Bocon (Ageneiosus inermis) -- Leguia (Auchenipterus nuchalis) -- Novia cunchi (Trachelyopterus galeatus) -- Shirui (Hoplosternum littorale) -- Turushuqui (Oxydoras niger) --Cahuara (Pterodoras granulosus) -- Carachama (Pterygoplichthys pardalis) -- Zungaro alianza (Brachyplatystoma juruense) -- Z&#xFC;ngaro tabla barba (Brachyplatystoma platynemum) -- Z&#xFA;ngaro dorado (Brachyplatystoma rousseauxii) -- Z&#xFC;ngaro manitoa (Brachyplatystoma vaillantii) -- Mota punteada (Calophysus macropterus) -- Z&#xFA;ngaro toa (Hemisorubim platyrhynchos) -- Maparate (Hypophthalmus marginatus) -- Z&#xFA;ngaro achara (Leiarius marmoratus) -- Z&#xFA;ngaro torre (Phractocephalus hemioliopterus) -- Bagre o Cunchi (Pimelodus blochii) -- Mota blanca (Pinirampus pirinampu) -- Z&#xFA;ngaro doncella (Pseudoplatystoma punctifer) -- Z&#xFA;ngaro Tigre (Pseudoplatystoma tigrinum) -- Shiripira (Sorubim lima) -- Z&#xFA;ngaro achacubo (Sorubimichthys planiceps) -- Z&#xFA;ngaro cunchimama (Zungaro zungaro) -- Gymnotiformes -- Macana (Adontosternarchus balaenops, Sternarchorhamphus muelleri, Sternopygus macrurus) -- Cichliformes -- Acarahuaz&#xFA; (Astronotus ocellatus) -- Tucunar&#xE9; (Cichla monoculus) -- A&#xF1;ashua (Crenicichla cincta, Crenicichla johanna) -- Bujurqui (Heros efasciatus, Hypselecara temporalis, Satanoperca jurupari) -- Perciformes Corvina (Plagioscion squamosissimus).</subfield>
  </datafield>
  <datafield tag="526" ind1=" " ind2=" ">
    <subfield code="a">SEG44</subfield>
  </datafield>
  <datafield tag="526" ind1=" " ind2=" ">
    <subfield code="a">SEG26</subfield>
  </datafield>
  <datafield tag="526" ind1=" " ind2=" ">
    <subfield code="a">P159</subfield>
  </datafield>
  <datafield tag="526" ind1=" " ind2=" ">
    <subfield code="a">P155</subfield>
  </datafield>
  <datafield tag="526" ind1=" " ind2=" ">
    <subfield code="a">P154</subfield>
  </datafield>
  <datafield tag="526" ind1=" " ind2=" ">
    <subfield code="a">P153</subfield>
  </datafield>
  <datafield tag="526" ind1=" " ind2=" ">
    <subfield code="a">P150</subfield>
  </datafield>
  <datafield tag="526" ind1=" " ind2=" ">
    <subfield code="a">P100</subfield>
  </datafield>
  <datafield tag="526" ind1=" " ind2=" ">
    <subfield code="a">P31</subfield>
  </datafield>
  <datafield tag="526" ind1=" " ind2=" ">
    <subfield code="a">P30</subfield>
  </datafield>
  <datafield tag="526" ind1=" " ind2=" ">
    <subfield code="a">P26</subfield>
  </datafield>
  <datafield tag="526" ind1=" " ind2=" ">
    <subfield code="a">P25</subfield>
  </datafield>
  <datafield tag="526" ind1=" " ind2=" ">
    <subfield code="a">P24</subfield>
  </datafield>
  <datafield tag="526" ind1=" " ind2=" ">
    <subfield code="a">P22</subfield>
  </datafield>
  <datafield tag="526" ind1=" " ind2=" ">
    <subfield code="a">P15</subfield>
  </datafield>
  <datafield tag="526" ind1=" " ind2=" ">
    <subfield code="a">P10</subfield>
  </datafield>
  <datafield tag="650" ind1="1" ind2="4">
    <subfield code="a">Peces</subfield>
    <subfield code="z">Per&#xFA;</subfield>
    <subfield code="z">Amazon&#xED;a.</subfield>
    <subfield code="9">4417</subfield>
  </datafield>
  <datafield tag="650" ind1="2" ind2="4">
    <subfield code="a">Peces</subfield>
    <subfield code="z">Per&#xFA;</subfield>
    <subfield code="z">Amazon&#xED;a</subfield>
    <subfield code="v">Nomenclatura.</subfield>
    <subfield code="9">4418</subfield>
  </datafield>
  <datafield tag="650" ind1="2" ind2="4">
    <subfield code="a">Peces</subfield>
    <subfield code="x">Producci&#xF3;n y consumo</subfield>
    <subfield code="z">Per&#xFA;</subfield>
    <subfield code="z">Amazon&#xED;a.</subfield>
    <subfield code="9">4419</subfield>
  </datafield>
  <datafield tag="700" ind1=" " ind2=" ">
    <subfield code="a">R&#xED;os Torres, Sandra,</subfield>
    <subfield code="d">1977-</subfield>
    <subfield code="e">autor.</subfield>
    <subfield code="9">4420</subfield>
  </datafield>
  <datafield tag="700" ind1=" " ind2=" ">
    <subfield code="a">Heilpern, Sebasti&#xE1;n A,</subfield>
    <subfield code="e">autor.</subfield>
    <subfield code="9">4421</subfield>
  </datafield>
  <datafield tag="700" ind1=" " ind2=" ">
    <subfield code="a">C&#xF3;ndor Castillo, Alfredo,</subfield>
    <subfield code="e">autor.</subfield>
    <subfield code="9">4422</subfield>
  </datafield>
  <datafield tag="700" ind1=" " ind2=" ">
    <subfield code="a">Naccarato Cipparrone, Paola,</subfield>
    <subfield code="d">1960-,</subfield>
    <subfield code="e">autor.</subfield>
    <subfield code="9">4423</subfield>
  </datafield>
  <datafield tag="710" ind1=" " ind2=" ">
    <subfield code="a">Wildlife Conservation Society (Nueva York)</subfield>
    <subfield code="b">Filial Per&#xFA;,</subfield>
    <subfield code="e">entidad editora.</subfield>
    <subfield code="9">4424</subfield>
  </datafield>
  <datafield tag="930" ind1=" " ind2=" ">
    <subfield code="a">L.371.690</subfield>
  </datafield>
  <datafield tag="942" ind1=" " ind2=" ">
    <subfield code="2">ddc</subfield>
    <subfield code="c">BK</subfield>
    <subfield code="n">0</subfield>
  </datafield>
  <datafield tag="980" ind1=" " ind2=" ">
    <subfield code="6">18226</subfield>
    <subfield code="a">Jaime Vilcaz&#xE1;n Jefe de An&#xE1;lisis Documental</subfield>
    <subfield code="8">1</subfield>
    <subfield code="g">ALBERTO SANCHEZ Responsable de Automatizaci&#xF3;n</subfield>
  </datafield>
  <datafield tag="999" ind1=" " ind2=" ">
    <subfield code="c">62629</subfield>
    <subfield code="d">62628</subfield>
  </datafield>
  <datafield tag="952" ind1=" " ind2=" ">
    <subfield code="r">2025-12-03 00:00:00</subfield>
    <subfield code="l">0</subfield>
    <subfield code="o">597.09857 M938r</subfield>
    <subfield code="p">82270</subfield>
    <subfield code="t">e1</subfield>
    <subfield code="v">30.00</subfield>
    <subfield code="w">2024-09-18</subfield>
    <subfield code="x">FCS</subfield>
    <subfield code="y">BK</subfield>
    <subfield code="1">0</subfield>
    <subfield code="2">ddc</subfield>
    <subfield code="5">0</subfield>
    <subfield code="7">0</subfield>
    <subfield code="8">GEN</subfield>
    <subfield code="f">P31</subfield>
    <subfield code="a">BUL</subfield>
    <subfield code="b">BUL</subfield>
    <subfield code="c">GEN</subfield>
    <subfield code="d">2024-09-18</subfield>
    <subfield code="e">Donaci&#xF3;n, an&#xF3;nimo.</subfield>
  </datafield>
</record>
